000 00371nam a2200157 i 4500
001 bg
100 1 _aDEZERT, Bernard
245 0 _aDecouverte de la France /
_cBernard Dezert, Georges Torres.
260 _aParis,
_c1972.
700 1 _aTORRES, Georges
040 _cBPK
041 _apol
080 _a308
942 _cKS
008 s pl f |000 0 pol
999 _c26459
_d26459
856 _uhttp://koha.tu.koszalin.pl/cgi-bin/koha/opac-detail.pl?biblionumber=26459
_yKatalog online BPK